Pengenalan kepada kajian lalulintas

Bibliographic Details
Main Author: Azman Abdullah (Author)
Format: Book
Language:Malay
Published: Skudai : Jabatan Perancangan Bandar dan Wilayah, University Teknologi Malaysia 1987
Subjects:

MARC

LEADER 00000cam a2200000 7i4500
001 0000016470
005 20241028.0
008 060505 my a may
040 |a INS   |b eng   |e rda 
090 0 0 |a HE369   |b .A96 1987 
100 0 |a Azman Abdullah ,   |e author 
245 1 0 |a Pengenalan kepada kajian lalulintas   |c Azman Abdullah 
264 1 |a Skudai :   |b Jabatan Perancangan Bandar dan Wilayah, University Teknologi Malaysia   |c 1987 
300 |a 67 pages :   |b illustrations ;   |c 29 cm. 
336 |a text  |2 rdacontent 
337 |a unmediated  |2 rdamedia 
338 |a volume  |2 rdacarrier 
650 0 |a Traffic surveys 
999 |a 0000016765   |b BOOK   |c Open Shelf   |e Default branch 
999 |a 0000016766   |b BOOK   |c Open Shelf   |e Default branch 
999 |a 0000016767   |b BOOK   |c Open Shelf   |e Default branch 
999 |a 0000016768   |b BOOK   |c Open Shelf   |e Default branch 
999 |a 0000016769   |b BOOK   |c Open Shelf   |e Default branch 
999 |a 0000016770   |b BOOK   |c Open Shelf   |e Default branch 
999 |a 0000016771   |b BOOK   |c Open Shelf   |e Default branch 
999 |a 0000016772   |b BOOK   |c Open Shelf   |e Default branch 
999 |a 0000016773   |b BOOK   |c Open Shelf   |e Default branch 
999 |a 0000016774   |b BOOK   |c Open Shelf   |e Default branch